| 000 | 00732nam a22002177a 4500 | ||
|---|---|---|---|
| 005 | 2011092807577.0 | ||
| 010 | _aG-001535 | ||
| 020 |
_c70.00 _a9788122204544 |
||
| 035 | 1 | d | _aG-001535 |
| 037 | _bGift | ||
| 082 | _a887 | ||
| 245 |
_aKhushwant Singh's joke book 8 / _cillustrated by Kureel |
||
| 260 |
_aNew Delhi _bOrient Paperbacks _c2008 |
||
| 270 |
_a5A/8, Ansari Road _bNew Delhi _e110002 |
||
| 300 |
_a143p. _c18cm(pbk) |
||
| 490 |
_aThe last laugh _934972 |
||
| 700 |
_aKureel _934973 |
||
| 942 |
_2ddc _cEN _h887 _mKHU |
||
| 999 |
_c57101 _d57101 |
||